Top 10 Newcastle United Premier League Appearances - Statistics

General Stats
  • This quiz has been taken 154 times
    41 since last reset
  • The average score is 5 of 10
Answer Stats
Player Apps % Correct
Alan Shearer 303
91%
Shay Given 355
76%
Nolberto Solano 232
59%
Shola Ameobi 294
56%
Steven Taylor 194
53%
Fabricio Coloccini 211
50%
Gary Speed 213
47%
Aaron Hughes 201
35%
Rob Lee 251
35%
Fabian Schär 195
26%
No matching quizzes found
Score Distribution
Percent of People with Each Score
Percentile by Number Answered
Your Score History
You have not taken this quiz since the last reset